El Público y sus representantes: opiniones de las élites y la sociedad en México /
Guardat en:
| Autor principal: | |
|---|---|
| Format: | Text |
| Etiquetes: |
Afegir etiqueta
Sense etiquetes, Sigues el primer a etiquetar aquest registre!
|
MARC
| LEADER | 00000 a a2200000 04500 | ||
|---|---|---|---|
| 001 | 9697 | ||
| 003 | |||
| 040 | |||
| 100 | |a Moreno, Alejandro | ||
| 245 | |a El Público y sus representantes: opiniones de las élites y la sociedad en México / |c Alejandro Moreno | ||
| 773 | |g volumen 8, número 37; páginas 43-54 | ||
| 999 | |c 31036 |d 31036 | ||
